Open Data Biblioteca Nacional de Portugal


República Portuguesa: Ministério da Cultura
Biblioteca Nacional de Portugal

Catálogo da BNP: acesso por Identificadores Unívocos
Registos Bibliográficos associados ao registo de autoridade

Etiqueta de registo: 00000nam 2200025 450
001 2284305
003 http://id.bnportugal.gov.pt/bib/catbnp/2284305
100 ## $a20260414d2026 k y0pory01030103ba
101 0# $apor$deng
102 ## $aPT
105 ## $aa m 000yy
106 ## $ar
200 1# $aFotografia e ensino em Portugal$e o caso de Maria Alzira Monteiro da Cunha (1922-2000)$fAna Cristina Rodrigues Pereira$gorient. Susana Lourenço Marques, Paulo Catrica
210 #9 $aPorto$c[s.n.],$d2026
215 ## $a[3], 430 p.$cil.$d30 cm
328 #1 $aTese dout. Estudos em Educação Artística, Faculdade de Belas Artes, Universidade do Porto, 2026
675 ## $a77Cunha, Maria Alzira Monteiro da(043)$vBN$zpor$31998310
675 ## $a373.54.03(469.121)"19"(043)$vBN$zpor$31998312
700 #1 $aPereira,$bAna Cristina Rodrigues$31995597
702 #1 $aMarques,$bSusana Lourenço,$f1975-$4727$31037837
702 #1 $aCatrica,$bPaulo,$f1965-$4727$3819307
801 #0 $aPT$bBN$gRPC
966 ## $lBN$mFGMON$x1
971 ## $ccsilva$d20260414
973 ## $ctrodrigues$d20260513

OpendataBNP@bnportugal.pt | Mais informação sobre acesso aos dados BNP